000 00899nam a2200265Ia 4500
003 OSt
005 20221005105308.0
006 a|||||r|||| 00| 0
007 ta
008 221004b |||||||| |||| 00| 0 hin d
020 _a9788178441054 (hbk)
_c390
024 _a15795
037 _bBL170, 07/01/2015, K. K. Publications
_cTextual
040 _aCRL
_cCRL
_bhin
041 _2hin
_ahin
082 _aO152,3N494x, Q1
100 _aसैली बलजीत
245 0 _aटप्परवास
246 _aṬapparavāsa
260 _aनई दिल्ली
_bके. के. पब्लिकेशन्स भारत
_c2011
300 _a120पृ0
_ccm.
650 _aहिन्दी साहित्य
942 _hO152,3N494x, Q1
_cTEXL
_2cc
999 _c1015395
_d1015395